History Quiz

Random History or Artist Quiz
Score 0/15 Timer 05:00
9 Plays Today
% Correct
1928-1987
91.8%
1881-1973
81.2%
1912-1956
79.5%
1904-1989
78.6%
1452-1519
73.4%
1475-1564
70.3%
1386-1466
64.4%
1853-1890
57.3%
% Correct
1869-1954
44.7%
1606-1669
40.2%
1840-1926
39.2%
1577-1640
33.4%
1746-1828
32.7%
1841-1919
29.7%
1832-1883
28.3%

You're not logged in!

Compare scores with friends on all Sporcle quizzes.
OR
Log In

Sporcle TV

Today on Sporcle TV


Watch our educational content, quiz creation guides, and fun videos on Sporcle TV.

Show Comments

Extras

Top Quizzes Today


Score Distribution

Paid Content

Your Account Isn't Verified!

In order to create a playlist on Sporcle, you need to verify the email address you used during registration. Go to your Sporcle Settings to finish the process.

Report this User

Report this user for behavior that violates our Community Guidelines.

Details: